شهادتى للتاريخ : (Record no. 15876)
[ view plain ]
| 000 -الفاتح | |
|---|---|
| حقل البيانات ثابتة الطول | 01440cam a22003255i 4500 |
| 003 - محدد رقم الضبط | |
| رقم الضبط | EG-ScBUE |
| 005 - وقت وتاريخ اخر تعامل مع التسجيلة | |
| رقم الضبط | 20200119142038.0 |
| 008 - عناصر البيانات ثابتة الطول - معلومات عامة | |
| حقل البيانات ثابتة الطول | 110818s1979 ua g 000 0 ara d |
| 017 ## - رقم الإيداع القانونى | |
| رقم الإيداع القانونى | 79 / 2146 |
| 040 ## - مصدر الفهرسة | |
| وكالة الفهرسة الأصلية | EG-ScBUE |
| لغة الفهرسة | ara |
| قواعد الوصف | rda |
| وكالة النسخ | EG-ScBUE |
| وكالة التعديل | EG-ScBUE |
| 043 ## - رمز المنطقة الجغرافية | |
| رمز المنطقة الجغرافية | a-ye--- |
| 082 04 - رقم تصنيف ديوى العشرى | |
| رقم التصنيف | 953.3 |
| رقم المادة | م ك ا |
| رقم الطبعة | 22 |
| 100 1# - المدخل الرئيسى - إسم شخصى | |
| الإسم الشخصى | مكاوي، عبد القوي، |
| التواريخ المصاحبة للاسم | 1918-1988، |
| الدور | مؤلف. |
| 245 10 - بيان العنوان | |
| العنوان | شهادتى للتاريخ : |
| بقية العنوان | (خبايا الغزو الشيوعي لجنوب اليمن) / |
| بيان المسئوليه,etc | عبد القوي مكاوي ؛ تقديم العالم والمفكر الإسلامي الكبير الشيخ محمد متولي الشعراوي. |
| 250 ## - بيان الطبعة | |
| بيان الطبعة | الطبعة الأولى. |
| 264 #1 - النشر، التوزيع | |
| مكان الناشر او الموزع | القاهرة : |
| اسم الناشر او الموزع | [الناشر غير معرف]، |
| تاريخ النشر أو التوزيع | 1979 |
| 264 #3 - النشر، التوزيع | |
| مكان الناشر او الموزع | القاهرة : |
| اسم الناشر او الموزع | م. العاصمة |
| 300 ## - الوصف المادى | |
| التعداد | 439 صفحة ؛ |
| أبعاد الوعاء | 24 سم |
| 336 ## - نوع المحتوى | |
| Carrier Type Term | نص |
| Content Type Code | txt |
| source | rdacontent |
| 337 ## - نوع الوسيط | |
| Media Type Term | بدون وسيط |
| Media Type Code | n |
| source | rdamedia |
| 338 ## - نوع الحامل أو الناقل | |
| Carrier Type Term | مجلد |
| Carrier Type Code | nc |
| source | rdacarrier |
| 600 17 - المدخل الاضافى بالموضوع-اسم شخصى | |
| الإسم الشخصى | مكاوي، عبد القوي، |
| التواريخ المصاحبة للاسم | 1918-1998، |
| التقسيم الفرعي العام | مذكرات. |
| مصدر الرأس أو المصطلح | BUEsh |
| 650 #7 - المدخل الاضافى بالموضوع-مصطلح موضوعى | |
| مصطلح موضوعي أو اسم جغرافي كعنصر مدخل | الشيوعية |
| التقسيم الفرعي العام | تاريخ |
| التقسيم الفرعي الجغرافي | اليمن. |
| مصدر الرأس أو المصطلح | BUEsh |
| 650 #7 - المدخل الاضافى بالموضوع-مصطلح موضوعى | |
| مصطلح موضوعي أو اسم جغرافي كعنصر مدخل | الاشتراكية |
| التقسيم الفرعي الجغرافي | اليمن. |
| مصدر الرأس أو المصطلح | BUEsh |
| 9 (RLIN) | 27136 |
| 651 #7 - المدخل الاضافى بالموضوع - اسم جغرافى | |
| الاسم الجغرافي | اليمن |
| التقسيم الفرعي العام | تاريخ. |
| مصدر الرأس أو المصطلح | BUEsh |
| 651 #7 - المدخل الاضافى بالموضوع - اسم جغرافى | |
| الاسم الجغرافي | اليمن |
| التقسيم الفرعي العام | أحوال سياسية. |
| مصدر الرأس أو المصطلح | BUEsh |
| 9 (RLIN) | 27970 |
| 653 ## - مصطلح تكشيفى غير مقيد | |
| Resource For college | Generalities |
| -- | BAEPS, Political Science |
| Arrived date list | July2019 |
| 700 1# - المدخل الاضافى - اسم شخصى | |
| الإسم الشخصى | شعراوي، محمد متولي، |
| التواريخ المصاحبة للاسم | 1911-1998، |
| الدور | مقدم. |
| 942 ## - عناصر المدخل الإضافي( كوها) | |
| مصدر التصنيف او مخطط الترفيف | Dewey Decimal Classification |
| Koha [default] item type | Book - Borrowing |
| حالة التراجع | حالة الفقد | مصدر التصنيف او خطة الترفيف | حالة تلف | ليس للاعارة | مجموعات كوها | المكان الدائم | المكان الحالي | موقع الترفيف | تاريخ الاكتساب | Source of acquisition | رقم الاستدعاء | الباركود | Date last seen | نوع الوعاء |
|---|---|---|---|---|---|---|---|---|---|---|---|---|---|---|
| Dewey Decimal Classification | Alef-Baa | Central Library | Central Library | Second Floor | 18/08/2011 | Purchase | 953.3 م ك ا | 000024565 | 15/07/2025 | Book - Borrowing |